000 00527nam a2200181Ia 4500
999 _c21513
_d21513
003 OSt
005 20200630094059.0
008 190216s9999||||xx |||||||||||||| ||und||
020 _a9780198068303
040 _coclc
082 _a934
_bSIN/A
100 _aSingh, Upinder
_93330
245 0 _aAncient India New Research /
_cUpinder Singh ; Nayanjor Lahiri
260 _bOxford University Press,
_c2011.
_aNew Delhi;
300 _a306p
650 _aHistory
942 _cBK
_2ddc
_h934
_iSIN/A
_k934
_mSIN/A